Llibertats y antich govern de Catalunya : conferències / de Joseph Pella y Forgas conferències / de Joseph Pella y Forgas
Descripción Física:
328 p. ; 23 cm
MARC
| LEADER | 00000nam a2200000Ia 4500 | ||
|---|---|---|---|
| 001 | 14651 | ||
| 008 | 160829s1905 xx 000 0 cat d | ||
| 080 | |a M-4-256 | ||
| 100 | |a Pella i Forgas, Josep |9 25222 | ||
| 245 | |a Llibertats y antich govern de Catalunya : |b conferències / de Joseph Pella y Forgas | ||
| 260 | |a Barcelona : |b Llibreria de Francesch Puig, |c 1905 | ||
| 300 | |a 328 p. ; |c 23 cm | ||
| 490 | |a Estudis Universitaris Catalans / Llibreria de Francesch Puig | ||
| 590 | |a Notes, referències bibliogràfiques | ||
| 650 | |a Nacionalisme |x Catalunya |x S. XIX |x Reculls d'escrits |9 25223 | ||
| 650 | |a Catalunya |x Política i govern |x S. XIX |x Reculls d'escrits |9 25224 | ||
| 901 | |a Arxiu | ||
| 942 | |n 1 | ||
| 952 | |0 0 |1 0 |4 0 |6 M4256 |7 1 |9 43510 |a Arxiu |b Arxiu |d 2016-12-01 |l 0 |o M-4-256 |p 14651 |r 2016-12-01 00:00:00 |w 2016-12-01 |y ARXIU | ||
| 999 | |c 46056 |d 46056 | ||